|
|
|
|
| LEADER |
00000nab a2200000 a 4500 |
| 001 |
vtls000261956 |
| 003 |
SK-MaSNL |
| 005 |
20260304181414.0 |
| 008 |
160215c1986 xo 0 slo |
| 015 |
|
|
|a SNBRA19rr/mm-uuuuu
|
| 035 |
|
|
|a CL0272070
|
| 040 |
|
|
|a SNKBUCL
|b slo
|c SNKBUCL
|e AACR2
|
| 041 |
0 |
|
|a slo
|
| 044 |
|
|
|a xo
|c SK
|
| 080 |
|
|
|a 82:929:885.4
|2 1981
|
| 080 |
|
|
|a 929
|2 1981
|
| 080 |
|
|
|a 885.4
|2 1981
|
| 080 |
|
|
|a 82(091)
|2 1981
|
| 080 |
|
|
|a 885.4(091)"19"
|2 1981
|
| 100 |
1 |
|
|a Rosenbaum, Karol,
|d 1920-2001
|4 aut
|9 103255
|
| 245 |
1 |
0 |
|a Teoretický odkaz Ladislava Novomeského
|c Karol Rosenbaum
|
| 504 |
|
|
|a Bibliogr. odkazy
|
| 600 |
1 |
7 |
|a Novomeský, Ladislav,
|d 1904-1976
|2 snkbucl
|9 75208
|
| 650 |
0 |
7 |
|a slovenská poézia
|2 snkbucl
|9 215422
|
| 650 |
0 |
7 |
|a slovenská literatúra
|2 snkbucl
|9 1115
|
| 655 |
|
7 |
|a štúdie
|2 snkbucl
|9 57033
|
| 655 |
|
7 |
|a články z odboru literárna veda a krásna literatúra
|2 snkbucl
|9 770045
|
| 655 |
|
7 |
|a články zo zborníkov
|2 snkbucl
|9 166140
|
| 773 |
0 |
|
|t Ladislav Novomeský 1904-1984
|d Martin : Matica slovenská, 1986
|
| 850 |
|
|
|a Slovenská národná knižnica v Martine
|a MTA001
|
| 852 |
|
|
|a SNK
|b KIS3GCP
|
| 958 |
|
|
|a BX
|
| 958 |
|
|
|a NB
|
| 958 |
|
|
|a RK
|
| 958 |
|
|
|a LX
|
| 992 |
|
|
|a RZB
|
| 999 |
|
|
|c 3023804
|d 3025734
|